000 00313 a2200133 4500
005 20250702071700.0
020 _a978-0-241-39048-1
082 _aHUN
100 _aHUNTER, C.
245 _aCara Hunter in the Dark,
260 _aNew York,
_bPENGUIN CLASICS,
_c2018.
300 _a443p,: ill
_c18cm
942 _2ddc
_cBKS
999 _c6531
_d6531